000 00663nam a2200193 a 4500
001 BRCA_6065
005 20190320205323.0
008 170608s1995----mx-a---###---#000-0#spa-#
050 4 _aN910.C45
_b.I23 1995
100 1 _aIbarra Serna, Ignacio Raúl
_915318
245 1 0 _aMuseo de sitio de la zona arqueológica de Yaxchilán, Chiapas México.
260 _aCiudad de México
_c1995
300 _a104 p.
_bil.
502 _aTesis Licenciatura (Licenciado en Arquitectura) Universidad Iberoamericana
650 1 4 _aMuseos
_xZona arqueológica
_zYaxchilán, Chiapas
_915319
700 1 _aMarroquín Mowat, Paulo
_eCoautor
_915320
902 _aTES
942 _2lcc
_cTES
999 _c5752
_d5752